[Event "EU-chT (Men) 15th"]
[Site "Gothenburg"]
[Date "2005.08.03"]
[Round "5.2"]
[White "Babula, Vlastimil"]
[Black "Wojtaszek, Radoslaw"]
[Result "1/2-1/2"]
[WhiteElo "2604"]
[BlackElo "2591"]
[Annotator "Kapengut"]
[PlyCount "87"]
[EventDate "2005.07.30"]
[EventType "team-swiss"]
[EventRounds "9"]
[EventCountry "SWE"]
[SourceTitle "CBM 109"]
[Source "ChessBase"]
[SourceDate "2005.11.14"]
[SourceVersion "1"]
[SourceVersionDate "2005.11.14"]
[SourceQuality "1"]
[WhiteTeam "Czech Republic"]
[BlackTeam "Poland"]
[WhiteTeamCountry "CZE"]
[BlackTeamCountry "POL"]

1. d4 Nf6 2. c4 e6 3. Nc3 c5 4. d5 exd5 5. cxd5 d6 6. e4 g6 7. h3 Bg7 8. Nf3
O-O 9. Bd3 b5 10. Bxb5 Nxe4 11. Nxe4 Qa5+ 12. Nfd2 Qxb5 13. Nxd6 Qa6 14. N2c4
Rd8 15. Bf4 Nd7 16. O-O Nb6 17. Nxb6 Qxb6 18. Nxc8 Raxc8 19. Rb1 Qb7 $1 {
This important move was played by Topalov in his game against Karpov in Las
Palmas 1996. In all other variations White keeps an initiative (and sometimes
the pawn too!).} 20. d6 Bf8 21. Qd3 $5 (21. b3 Bxd6 22. Bxd6 Qa6 23. Re1 Rxd6
24. Qc2 c4 25. bxc4 Rxc4 26. Rb8+ {1-0 Weber,K-Bartsch,M/IECG 2002 (26)}) (21.
Qd2 $6 Bxd6 $1 22. Bxd6 Rc6 23. Rfd1 (23. Qc3 Rdxd6 24. Rbd1 Qd7 25. Rxd6 Qxd6
26. Re1 (26. Rc1 $142 $5 $14) 26... Qd4 27. Qxd4 cxd4 28. Rd1 Rc2 {1/2-1/2
Neumann,U-Turcan,M/IECG 1999 (28)}) (23. Rbd1 Rcxd6 24. Qxd6 Rxd6 25. Rxd6 Qxb2
26. Ra6 c4 (26... Qb7 27. Ra4 Qd7 28. Rc4 Qd2 29. Rxc5 Qxa2 30. Rcc1 $16) 27.
Rxa7 c3 28. Rc7 Qa3 29. g3 $16 {Sjodahl-Wedberg/Sweden 1994}) 23... Qa6 $1 24.
Qg5 (24. Qc2 Rcxd6 25. Rxd6 Rxd6 26. b3 Rd5 $11) 24... Rdxd6 (24... Rcxd6 $2
25. Qxd8+ Rxd8 26. Rxd8+ Kg7 27. a3 $16) 25. Rxd6 Rxd6 26. Qxc5 Qxa2 $1 {
Tactically, Black holds the equality.} 27. Re1 Rd8 (27... Re6 28. Rd1 (28. Rxe6
Qxe6 29. Qxa7 Qe1+ 30. Kh2 Qe5+ $11) 28... Re8 $11 (28... Qxb2 $4 29. Rd8+ Kg7
30. Qf8+ Kf6 31. Qh8+ $18)) 28. b4 (28. Qc7 Rf8 29. Qb7 Rd8 30. Qc7 Rf8 31. Qb7
{1/2-1/2 Csiszar,Z-Flumbort,A/Hungary 1997 (31)}) 28... a6 $11 29. Qg5 Rf8 (
29... Qd5 $4 30. Re8+ $18) (29... Rc8 $142 $5) 30. h4 {White is still better,
but it is hard to believe that he can win the game.} Qc4 31. Qe7 h5 {=} (31...
Rb8 32. Re4 Qd5 $11) 32. g3 $11 {White's pieces are slightly more active, but
of course this advantage is merely formal. Karpov continues to probe in this
lifeless position. Karpov,A-Topalov,V/Las Palmas 1996}) 21... Rc6 (21... c4 $6
22. Qg3 $16 (22. Qd4 Bxd6 23. Bxd6 Rc6 $11) 22... Rc6 23. Rfd1 Qb6 $5 24. Rd5 (
24. d7 Qb7 25. Qg4 h5 $11) 24... Bxd6 25. Rbd1 Be7 $132) (21... Qb4 $143 22.
Qg3 $36 {[%csl Gd6] o^d6}) 22. Rfd1 {/\d7} Bxd6 23. Bxd6 {Now both Black's
moves lead to slightly worse positions, which he nevertheless should be able
to hold with good defence:  Current opening theory has more and more forced
lines, which after forced play lead directly into an _|_. This variation is
one of them, there is no middlegame.} Qd7 $5 {After quite a few people
suffered in the 2R:Q _|_ finally someone at last repeats Leko's idea.} (23...
Qa6) (23... Qb6 $2 24. Bxc5 $1 Rxd3 25. Bxb6 Rxd1+ 26. Rxd1 axb6 (26... Rxb6
27. Rd2 $16) 27. Rd2 $16) (23... Rcxd6 $6 {This leads to an endgame, in which
White is somewhat better, although his advantage is probably insufficient to
win.} 24. Qxd6 Rxd6 25. Rxd6 $16 {Two mobile R are stronger than the Q in such
open positions.} c4 $1 {[%cal Gc4c3]} (25... Kg7 26. Rd2 Qa6 27. a3 Qc4 28. Re1
h5 29. Rde2 h4 30. Re4 Qb3 31. Rxh4 Qxb2 32. Rc4 Qxa3 33. Rec1 a5 34. Rxc5 a4
35. R5c3 Qb2 $11 {Kolev,A-Suba,M/Mallorca/2000/}) 26. Rd2 {Now Black
immediately exchanges his weak Pc4.} ({White can't avoid the exchange of one
pair of P on the <<:} 26. Rdd1 $5 h5 (26... Qb4 27. Rdc1 $14 Qa4 $5 28. a3 Qb3
29. Rc3 Qa2 30. Rbc1 Qxb2 31. a4 $14) 27. Re1 Qb5 28. Rec1 Qf5 29. Ra1 Qd3 30.
Rc3 Qe2 31. Rb1 a5 32. a4 Kg7 33. Rbc1 Qxb2 34. Rxc4 h4 $14 {Shalimov,
V-Simantsev,M/Kharkov 2000}) 26... c3 27. Rc2 Qe4 28. Rbc1 (28. Rcc1 $2 c2 29.
Ra1 a5 30. a4 Qd3 $19 {[%cal Rg8f8,Rf8b3] /\Kf8-e7-d6-c5-b4-b3 paralyzes White.
}) 28... cxb2 29. Rxb2 $14 {Black's task is not so simple, although with
accurate play he should be able to save the game. He should pin White's R to
the defence of the a-pawn or >>, not allowing them to coordinate and attack
Black's >>P, as in Babula-Velicka.} h5 $1 {/\h4,עg1 An important motive.
White's only chance to win is a coordinated attack by his R. If Black's P gets
to h4, this will always lead only to perpeual check. [Stohl,I]} (29... a5 {
It is difficult to believe, but just this move is a new one! In two previous
games Black drew without big problems, but in this game the task was not so
easy.} 30. Rbc2 {Stronger was to play} Qa4 $1 (30... h5 $6 31. Rc4 $1 Qd5 32.
a4 $16 {Karpov,A-Polgar,J/Budapest rapid m/1998}) 31. Re2 (31. Rd2 h5 $14 {
[%csl Ra2][%cal Ga4a2] and it will be difficult for white to improve position})
31... Kg7 32. g3 Qd4 33. a3 Qd6 34. Re3 g5 35. Rb1 Qd7 36. Re5 f6 37. Rxa5 Qxh3
38. Ra7+ Kg6 {Hoerstmann,M-Womacka,M/Pardubice CZE 2002} 39. Rb6 $16) (29...
Qa4 30. Re2 Kg7 31. Rcc2 h5 32. Rcd2 Qc4 33. Re1 a5 34. Red1 Qa4 35. Rb1 Qe4
36. Ra1 Qb4 37. Re2 Qc3 38. Rae1 Qa3 39. h4 Kh6 40. g3 f5 41. Kg2 Qa4 42. f4
Qc6+ $11 {Legky,N-Hamdouchi,H/FTA t-ch 1997}) (29... Kg7 30. Rbc2 (30. g3 a5
31. Rc7 h5 32. Rbb7 $16) 30... Qa4 31. Rd2 Qb4 32. Rcd1 Qa4 33. Kh1 h5 34. Kh2
h4 35. Kg1 a5 36. Re1 Qc4 37. Rb1 {1/2-1/2 Sheehan,M-Trani,F/ICCF Email 2000})
30. Rbc2 (30. Rc7 $4 Qe1+ 31. Kh2 Qe5+ $19) (30. Rb3 h4 $11) (30. Rcc2 Qa4 31.
Rd2 Qa5 {1/2,Gomez Esteban,J-Martin Gonzalez,A/Salamanca/1998/}) (30. g3 $5 a5
(30... h4 $6 31. g4 Qf3 32. Rb3 $14 {would be premature.}) 31. Rb3 (31. h4 $142
$5 $14) 31... Qd5 32. Rcb1 (32. h4 Qd2 33. Ra1 Qc2 $11) 32... Qd2 33. a3 Qc2
34. Rb8+ (34. h4 a4 35. Rb4 Qa2 $11) 34... Kg7 35. Re1 Qc3 36. Re3 $8 Qc1+ 37.
Kg2 (37. Kh2 h4 $5 (37... Qd2 38. Rf3 Qd5 $11) 38. Rb7 hxg3+ 39. Rxg3 Qf4 $132)
37... Qc6+ 38. Kg1 (38. Rf3 $2 g5 39. g4 hxg4 40. hxg4 f5 $19) 38... Qc1+ 39.
Kg2 Qc6+ {1/2-1/2 Shipov,S-Velimirovic,D/Belgrade-Moscow m 1998}) 30... h4 (
30... Qa4 $6 31. Rc8+ Kg7 32. R1c2 Qe4 (32... h4 33. R8c4 Qb5 34. Rc1 Qb2 35.
a4 Qd2 36. Rf1 Qd8 37. Rg4 f5 38. Rc4 Kh6 39. Rfc1 Kh5 40. Rc7 Qd4 {Estremera
Panos,S-Martin Gonzalez,A/Salamanca 1998} 41. a5 $14) 33. R8c4 Qe1+ 34. Kh2 Qd1
35. h4 Qd6+ 36. g3 Qa3 37. R4c3 Qa4 38. Rc4 Qa3 39. R4c3 Qa4 40. a3 a6 41. Re2
Qd7 42. Re4 Qd2 43. Rf3 Qd5 44. Ref4 $16 {Babula,V-Velicka,P/CZE-cht 99/2000})
31. Rc4 Qe7 32. a4 Qg5 $5 (32... Kg7 33. Kf1 (33. Rd1 Qe2 34. Rcd4 {1/2-1/2
Ozmen,H-Pommerel,W/ICCF Email 2000/ICCF tele 09/2001 (34)}) 33... Qa3 34. Rd1
Qb3 35. Rcd4 Qc2 36. Re1 g5 37. Kg1 Qc3 38. Red1 Qc2 39. f4 gxf4 40. Rf1 $16 {
Veingold,A-Saldano,H/Alicante/2000/}) 33. Re1 Qd8 34. Rec1 Qd2 35. R4c2 Qb4 36.
Rc4 Qd2 37. Rc5 Kg7 38. a5 a6 39. Rf1 Kh6 40. Rc4 Kh5 41. Rfc1 f5 42. Rc5 Kg5
$132 {Karpov,A-Van Wely,L/Amber rapid/1999/}) 24. Rbc1 (24. Qa3 $5 {see
Banikas,H-Gashimov,V /Gothenburg SWE 2005}) (24. Qe3 Rxd6 25. Rdc1 Qf5 $1) (24.
Qb5 Rxd6 25. Qxd7 R8xd7 26. Rxd6 Rxd6 $11) 24... Rxd6 25. Qxd6 Qxd6 26. Rxd6
Rxd6 27. Rxc5 Rd1+ 28. Kh2 Rd2 29. f3 (29. Ra5 Rxb2 30. f4 (30. Kg3 Rb7 $11)
30... Rb7 $11) (29. Rc8+ Kg7 30. Rb8 Rxf2 31. Kg3 Rc2 32. Rb7 a6 33. a4 h5 34.
b4 h4+ $1 35. Kf3 Rb2 36. Rb6 $14 {/= Brulic,D-Varsamis,C /IECG Email 2000})
29... Rxb2 $11 30. Ra5 Rb7 31. g4 Kg7 32. Kg3 h6 33. h4 Rc7 34. Kf4 Re7 35. Ra6
Kh7 36. Ra5 Kg7 37. h5 gxh5 38. Rxh5 Re6 39. Ra5 a6 40. Rc5 Kf6 41. a4 Kg6 42.
a5 Rf6+ 43. Ke4 Re6+ 44. Kf4 1/2-1/2

[Event "Goodricke op 13th"]
[Site "Kolkata"]
[Date "2002.03.26"]
[Round "10"]
[White "Aleksandrov, Aleksej"]
[Black "Shcherbakov, Ruslan"]
[Result "1/2-1/2"]
[WhiteElo "2645"]
[BlackElo "2539"]
[Annotator "Kapengut"]
[PlyCount "89"]
[EventDate "2002.03.17"]
[EventType "swiss"]
[EventRounds "11"]
[EventCountry "IND"]
[SourceTitle "CBM 088"]
[Source "ChessBase"]
[SourceDate "2002.03.21"]
[SourceVersion "1"]
[SourceVersionDate "2002.03.21"]
[SourceQuality "1"]

1. d4 Nf6 2. c4 c5 3. d5 e6 4. Nc3 exd5 5. cxd5 d6 6. e4 g6 7. Nf3 a6 8. h3 b5
9. Bd3 Bg7 10. O-O O-O 11. Bf4 Re8 12. Re1 Ra7 13. a3 Rae7 14. Qd2 Qb6 {
With the different order of moves this position was occurred enough frequently.
White does not want to enter theoretical discussions and prefers to place
figures at centre quietly and strongly .} 15. b4 $5 (15. Re2 Nbd7 16. Rae1 Nh5
17. Be3 (17. Bh2 Ne5 18. Nxe5 dxe5 $1 {[%csl Rh2][%cal Gc5c4] /\ c4, Rd8} (
18... Bxe5 19. Bxe5 Rxe5 (19... dxe5 20. Qe3 $14) 20. Kh2 $14 {[%cal Gf2f4,
Ge4e5]})) 17... Bd4 $1 (17... Ne5 $6 18. Nxe5 Bxe5 19. g4 Ng7 20. f4 Bd4 21.
Bxd4 cxd4 22. Nd1 $16 {/\ Nf2}) 18. Bc2 (18. Bxd4 cxd4 19. Na2 Ne5 $132 (19...
a5 {/\ Ne5})) 18... Bxe3 (18... Ne5 $5 19. Nxd4 Nc4 20. Qd1 Nxb2 21. Qc1 cxd4
22. Qxb2 dxe3 23. Rxe3 $14 {/\ Ne2-d4}) 19. Rxe3 Ne5 (19... f6 $5) 20. Nxe5
Rxe5 {1/2-1/2 Piket,J-Kamsky,G/Amsterdam 1996/Inf 67/[Piket,Je]} (20... dxe5
21. Ne2 $14 {/\ Rc1, Rc3, Qe3}) 21. Ne2 $5 (21. g4 $6 Nf4 22. Rf3 g5 23. Rxf4
gxf4 24. Qxf4 b4 $15 {Piket,Je}) (21. Bd1 $5 {Kamsky,G}) 21... Nf6 22. Ng3 {
/\ f4}) (15. Bg5 Nbd7 16. Qf4 Nh5 17. Qd2 (17. Qh4 $2 {is problematically
because of exellent rook's sacrifice} Re5 $3 (17... Ne5 $6 18. Be2 Nxf3+ 19.
Bxf3 Re5 20. Bxh5 h6 21. Bxg6 Rxg5 {/\ b4<=>}) 18. Nxe5 Nxe5 19. Be2 h6 20. Be7
(20. Be3 $4 Bf6 $19) 20... Qc7 21. Bxh5 (21. f4 Nxf4 22. Qxf4 Qxe7 $17) 21...
gxh5 22. Bf6 Ng6 23. Qxh5 Bxf6 24. Qxh6 Qe7 $17 {Sherbakov,R}) 17... Nhf6 18.
Qf4 Nh5 19. Qd2 {1/2-1/2 Mitenkov,A-Sherbakov,R/Moscow 1999/Inf 75}) 15... Nbd7
16. Rac1 Bb7 (16... Nh5 17. Be3 Qb8 18. g4 $14 {Piket,Je}) (16... c4 {/\a5} 17.
Be3 Qb7 18. Bc2 Nf8 19. Nd4 Nxe4 $6 20. Bxe4 Rxe4 21. Nxe4 Rxe4 22. Ne2 Re8 23.
Nc3 Bf5 24. Bd4 Bxd4 25. Qxd4 Qb8 26. Qf6 $18 {Foisor,O-Pigusov,E,Moscow-II
1987}) 17. Be3 $5 {It is a better place for the bishop than} (17. Bh2 $6 c4 18.
Bc2 Ne5 19. Nxe5 (19. Nd4 $140 $2 Nd3 $1) 19... dxe5 {[%csl Rh2]} 20. Qe3 Qxe3
21. fxe3 Rb8 22. a4 Bc8 23. axb5 axb5 24. Ra1 Ne8 25. Ra5 Reb7 26. Bg3 f6 27.
Rb1 Bf8 {[%cal Gf8e7,Ge7d8,Gd8b6]} 28. Be1 Be7 29. Nd1 Bd8 30. Ra3 Bb6 $15 {
[%cal Ge8d6,Gf6f5] Gelfand,B-Topalov,V/Monaco 2001}) 17... Qd8 18. Bg5 Qb6 19.
Be3 Qd8 20. Rb1 Qc7 21. Rec1 c4 22. Bc2 {[#]} Nxe4 $5 {Black have to sacrifice,
becase in another case it would have the worse position.} 23. Nxe4 Rxe4 24.
Bxe4 Rxe4 $44 {[%csl Gc4,Rd5] /\Nf6 Xd5} 25. Bh6 $5 {White tries to create an
attack.} Bxh6 26. Qxh6 Nf6 ({It was enough for equality:} 26... f6 27. Re1 Bxd5
28. Rxe4 Bxe4 29. Re1 f5 (29... d5 $6 30. Nd2 $14 {[%csl Re4]}) 30. Qh4 c3 {
[%csl Gc3]} (30... Nf8 $6 31. Qf6 d5 32. Ne5 $16) 31. Qe7 Bxf3 32. Qe6+ $11)
27. a4 Bxd5 28. axb5 axb5 29. Rd1 c3 $5 30. Rbc1 Rxb4 (30... Bb3 $6 31. Rd3
Rxb4 32. Rdxc3 Rc4 33. Rxc4 Bxc4 34. Qg5 $14) 31. Nd4 {In almost all cases
white can achieve the draw by a sacrifice of khight, therefore black
constantly should take into account this possibility.} Be4 $6 (31... Qc5 32.
Nf5 $1 $11) (31... Be6 32. Nxe6 (32. Qe3 $140 $5 Nd5 33. Nxe6 Nxe3 34. Nxc7
Nxd1 35. Rxd1 c2 $19) 32... fxe6 33. Qe3 Ne4 34. f3 c2 35. Re1 Nc5 36. Rxc2 Rc4
37. Ra2 Ra4 $11) (31... Ne4 $5 32. Nc2 $1 Qc5 33. Rxd5 $1 Qxf2+ 34. Kh2 Rb2 35.
Ne3 Re2 $11) 32. Qh4 Kg7 33. Nf5+ $1 gxf5 34. Qg5+ Kf8 35. Qxf6 c2 36. Rxd6 Ke8
37. Qe5+ Kf8 38. Qh8+ Ke7 39. Qe5+ Kf8 40. Kh2 Rb1 41. Qh8+ Ke7 42. Qf6+ Ke8
43. Qe5+ Kf8 44. Rxc2 Bxc2 45. Qh8+ 1/2-1/2

[Event "USA-ch"]
[Site "San Diego"]
[Date "2004.11.26"]
[Round "3"]
[White "Kaidanov, Gregory S"]
[Black "Gurevich, Dmitry"]
[Result "1-0"]
[WhiteElo "2611"]
[BlackElo "2499"]
[Annotator "Kapengut"]
[PlyCount "75"]
[EventDate "2004.11.24"]
[EventType "swiss"]
[EventRounds "9"]
[EventCountry "USA"]
[SourceTitle "CBM 105"]
[Source "ChessBase"]
[SourceDate "2005.04.11"]
[SourceVersion "1"]
[SourceVersionDate "2005.04.11"]
[SourceQuality "1"]

1. d4 Nf6 2. c4 e6 3. Nf3 c5 4. d5 d6 5. Nc3 exd5 6. cxd5 g6 7. h3 Bg7 8. e4
O-O 9. Bd3 a6 {If Black doesn't know any novelty about the sharp 9...b5! lines,
which is according to the current stand of theory his only chance for active
counterplay, he will suffer under strong central pressure.} 10. a4 Nbd7 11. O-O
Qe7 12. Bf4 Re8 13. Re1 Qf8 $5 {This manoeuvre becomes very popular nowadays
in various systems of the Modern Benoni.} 14. Bh2 (14. Bf1 h6 15. Qd2 Nh7 16.
Rad1 g5 17. Bg3 f6 $2 (17... Ne5) 18. Nh2 Ne5 19. f4 gxf4 20. Qxf4 $16 {
Gaso,D-Peicheva-Hansen,E/Debrecen EU-tch 1992}) (14. Qd2 Nh5 15. Be3 (15. Bh2
Bh6 $5 (15... b6 16. Bf1 Bb7 17. Rad1 Rad8 18. Qc2 Qe7 19. g4 Nhf6 20. Nd2 (20.
e5 $6 Nxe5 21. Nxe5 dxe5 22. Rxe5 Qd7 23. Rxe8+ Rxe8 24. Bg2 {1/2-1/2 Abegg,
B-Stefanov,P/ICCF Email 2000}) 20... h5 21. g5 Nh7 22. h4 Ne5 23. Qb3 $14) 16.
Qc2 Nf4 17. Bf1 Ne5 18. Nxe5 Rxe5 19. Ne2 Nxe2+ 20. Bxe2 Re8 21. Bc4 Bg7 22. f4
Bd4+ 23. Kh1 Qg7 24. Re2 Bd7 25. Rae1 b5 $132 {Allen,A-Valdez,D,WchJM Buenos
Aires 1992}) ({The position after} 15. Bg5 {had occurred in the game Molnar,
L-Timko,M} Ne5 (15... Rb8 16. Nh2 Nhf6 17. f3 $6 b6 18. Nf1 Bb7 19. Be3 Rbc8
20. Qe2 Nb8 21. Qf2 Nfd7 22. Nd2 Ne5 23. Bc2 $14 {Voiska,Margaret-Madl,Ildiko/
Hajduszoboszlo, wzt 1991}) 16. Be2 Nxf3+ 17. Bxf3 Nf6 18. e5 Rxe5 19. Rxe5 dxe5
20. d6 e4 21. Bxe4 Nxe4 22. Nxe4 $14 {Molnar,L-Timko,M/Budapest Balatonturist
op 1997}) 15... h6 (15... f5 $6 16. exf5 gxf5 17. Bg5 (17. Qd1 $5 {[%csl Rh5]
[%cal Gd1h5]} f4 18. Bd2 Rxe1+ 19. Nxe1 Qf7 20. Qc2 Bd4 21. Ne4 Ne5 22. Nxd6
Qxd5 23. Bxh7+ Kh8 24. Nxc8 Rxc8 25. Bc3 $16) 17... Ne5 18. Nxe5 Bxe5 19. Kh1
Bd7 20. Bh6 Qf7 $132 {Poetsch,K-Boehm,M/Bad Wiessee 1997}) 16. Rab1 $5 (16. g4
Nhf6 17. Bf4 Nh7 18. Bf1 $6 (18. a5 b5 $5 (18... g5 19. Bg3 Ne5 20. Nxe5 Bxe5
21. Bxe5 Rxe5 22. Na4 $16) 19. axb6 Nxb6 (19... Rb8 20. Na4 Nxb6 21. Nxc5 $16)
20. Rad1 $5 $14 (20. e5 dxe5 21. Nxe5 Bb7 $132)) 18... g5 $1 19. Bg3 Ne5 20.
Nxe5 Bxe5 21. Bxe5 Rxe5 22. a5 (22. Nb1 Bd7 23. Na3 b5 $1 24. axb5 axb5 $13)
22... Bd7 23. Re3 (23. Rab1 $5 {/\b4|^}) (23. Rab1 $5 {/\b4|^}) 23... Rae8 24.
Bg2 h5 $1 25. gxh5 (25. f3 $6 Qh6 {/\Nf8-g6-f4->}) 25... Qh6 26. Rg3 Kh8 (26...
Qxh5 $2 27. f4 $16) 27. Rf1 (27. Bf3 Nf6 28. h4 (28. Bg4 Bxg4 29. hxg4 Nxe4 30.
Nxe4 Rxe4 $17 {<->e}) 28... Rg8 {/\Nh5|^}) 27... Rg8 (27... Qxh5 28. f4 gxf4
29. Qxf4 Rg8 $13) 28. f4 (28. Bf3 Nf6 29. Bg4 Bb5 $1 $15) 28... gxf4 29. Qxf4
Qxf4 30. Rxg8+ Kxg8 31. Rxf4 Rxh5 $11 {Epishin,V-Minasjan,A/Groningen op 1990})
16... b6 17. b4 f5 18. exf5 gxf5 19. Qc2 Ne5 20. Nxe5 Bxe5 21. Bd2 Ra7 22. a5
b5 23. bxc5 (23. Nxb5 $5 axb5 24. Bxb5 Bd7 25. Bxd7 Rxd7 26. b5 $36) 23... dxc5
24. Nxb5 axb5 25. Bxb5 Bd7 26. Bxd7 Rxd7 27. Rb6 Rxd5 $1 (27... Rg7 $6 28. Bxh6
Bf4 29. Rxe8 Qxe8 30. Re6 $16 {Izoria,Z-Zhang Pengxiang/Yerevan 2000}) 28. a6
Bc7 (28... Re7 29. Qb3 Qf7 30. Bc3 c4 $1 $132) 29. Qc4 Rxe1+ 30. Bxe1 Bxb6 31.
Qxd5+ Qf7 32. Qc6 $44 {Akobian,V-Zhang Pengxiang/Yerevan 2000}) 14... Nh5 (
14... Ne5 $2 15. Bxe5 dxe5 16. Nd2 (16. a5 $1) 16... b6 17. Nc4 Rb8 18. Qb3 Nd7
{Aagaard,J-Ciemniak,R,Aalborg jr 1991} 19. d6 $16 {AK}) 15. a5 (15. Qc2 $6 Qe7
(15... b6 16. Nd2 Be5 17. Nc4 Bxh2+ 18. Kxh2 Nf4 19. Ne2 (19. Bf1 Rb8 {
followed by ...b5...Ne5 & ...Qh6 when the pressure on h3/f3 becomes a little
unbearable!}) 19... Nxd3 20. Qxd3 Rb8 21. b3 b5 22. axb5 axb5 23. Ne3 (23. Na5
{the knight becomes off-side and at c6 only a target.}) 23... c4 24. bxc4 Nc5
25. Qb1 (25. Qc2 $2 b4 26. Rab1 (26. Nd4 b3 27. Qb1 Rxe4 28. Nc6 Rb6 {& ...Qg7}
) (26. f3 f5 $1) 26... Bd7 {/\ b3, Ra8}) 25... Nxe4 26. Kg1 Qh6 {/\Nf2} 27. Nf1
$132 {Runting,T-Kuznetsov,S/cor ol XII prel 1992}) 16. Qd2 Qf8 17. Qc2 $6 Ne5
18. Nxe5 Bxe5 19. Bxe5 Rxe5 20. Qd2 g5 21. Ne2 Qh6 22. f4 $6 (22. b4 $5 $14)
22... gxf4 23. Rf1 Rg5 24. Nxf4 Nxf4 25. Qxf4 Bxh3 $17 {Yanayt,E-Sevillano,E/
Los Angeles USA 2003}) (15. Be2 $6 Bh6 $1 16. Nd2 Nf4 17. Nc4 Rb8 18. a5 Ne5 $1
19. Nb6 Qe7 $11 {Psakhis-Minasian, Groningen open 1990}) (15. Nd2 Be5 16. Nc4
Bxh2+ 17. Kxh2 Ne5 18. Nxe5 Rxe5 19. Qd2 g5 $5 (19... Bd7 20. g4 $5 (20. f4 Qh6
$5) 20... Nf6 21. g5 Nh5 22. f4 $14 {Horvath,C-Szalanczy,E /Kecskemet 1992})
20. Nb1 Nf4 21. Na3 Qh6 22. Bf1 b5 $5 (22... f5 $6 23. Nc4 Rxe4 24. Nb6 Rb8 25.
f3 Re5 26. b4 $16) 23. axb5 axb5 24. Nxb5 Rxa1 25. Rxa1 Rxe4 26. Qa5 Bxh3 $1
27. gxh3 Qh4 28. Kg1 Re2 $1 $44 {Horvath,C-Zhang Pengxiang/Budapest 2000}) (15.
g4 Nhf6 16. e5 $6 dxe5 17. Nxe5 Nxe5 18. Bxe5 Rxe5 $5 19. Rxe5 Nxg4 $1 20. Re1
Ne5 21. Bf1 g5 (21... Bf5 $5 22. Ne4 c4 23. Ra3 Rd8 $44) 22. Qh5 Bf5 23. Re3 h6
24. Rae1 Ng6 25. Qf3 Nh4 26. Qg3 Bg6 27. Bd3 f5 28. Re6 Rd8 $44 {Estremera
Panos,S-Hoffman,A/Mancha Real 2000}) (15. Bf1 $5 b6 (15... Bh6 $140 $2 16. g4
$18) (15... Ne5 16. a5 (16. Nd2 Bh6 17. a5 Bd7 18. Na4 Bb5 (18... Bxh3 $2 19.
Bxe5 $1 $18) 19. Nb6 Rad8 20. Ndc4 Bf4 21. g3 Nxc4 22. Nxc4 Bxc4 23. Bxc4 Be5
24. Qb3 Rd7 (24... f5 $5 25. Qxb7 $140 fxe4 $13) 25. Kg2 f5 26. f4 Bd4 $132 {
Paldanius,P-Salimaki,J/ 1993}) 16... Nxf3+ 17. Qxf3 Be5 (17... Bd4 18. Na4 Bd7
19. Nb6 Rad8 20. Rad1 Bb5 21. Nc4 Qe7 22. b4 $1 $16) 18. Na4 Bxh2+ 19. Kxh2 Bd7
20. Nb6 Rad8 21. b4 $1 cxb4 22. Rac1 Re7 23. Kg1 Qe8 24. g4 Ng7 25. Qf6 h5 26.
Rc7 $16 {Xu Yuanyuan-Wang Yu/HeiBei CHN 2001}) 16. g4 $1 Nhf6 17. Nd2 Rb8 (
17... h5 $2 18. Nc4 $16) 18. f4 h5 19. e5 $16 hxg4 20. exf6 Nxf6 21. Rxe8 Qxe8
22. Qe1 Qf8 (22... gxh3 23. Qxe8+ Nxe8 24. Nde4 Bd4+ 25. Kh1 $14) 23. Qh4 Bb7
24. Bg2 gxh3 25. Qxh3 Re8 26. f5 $16 {Huzman,A-Davies,N/Vrnjacka Banja 1991}) (
15. Rb1 b6 16. Qc2 Bb7 17. Be2 Bh6 18. Nd2 Nf4 19. Bf1 Ne5 20. g3 $2 Nxh3+ $1 (
20... Nh5 21. f4 Nd7 22. Nc4 Rab8 23. Rbd1 $16 {Shipov,S-Zhang Pengxiang/
Internet Chess Club 2002}) 21. Kg2 (21. Bxh3 $140 $2 Bxd2 $17) 21... Bc8 (21...
Bxd2 22. Qxd2 Bc8 23. g4 $5 Bxg4 24. Be2 f5 25. f3 Bxf3+ $5 26. Kxh3 fxe4 $40)
22. f4 Ng4 23. Nc4 Rb8 24. b4 cxb4 25. Rxb4 Nxf4+ $5 26. gxf4 Nxh2 27. Kxh2
Bxf4+ $44) 15... Rb8 $146 (15... Bh6 16. Bf1 (16. e5 $5 Nf4 (16... Bf4 $5) 17.
e6 (17. exd6 Rxe1+ 18. Nxe1 Qxd6 19. Be4 Nf6 $132) 17... Nf6 18. Bc4 $36) (16.
Ne2 f5 $1 17. exf5 gxf5 18. Qc2 Ne5 $132) 16... f6 17. Nd2 (17. Na4 Rb8 18. Rb1
$14 Bf4 19. Bxf4 Nxf4 20. g3 Nh5 21. b4 cxb4 22. Rxb4 Qg7 23. Qc1 Qe7 24. Rc4
$36 Qd8 25. Qc3 f5 26. e5 $1 dxe5 27. Nxe5 Nhf6 28. Nb6 Ne4 {[#]} 29. Rexe4
fxe4 30. Ng4 $1 $16 {Komljenovic,D-Yudasin,L/Sevilla op 1993}) 17... Ne5 18.
Na4 Bd7 19. Nb6 Rad8 20. Ra3 (20. Ndc4 $5 Bb5 21. Qb3 Bxc4 22. Nxc4 Qe7 23.
Bxe5 $5 fxe5 24. Qb6 Rf8 25. b4 $5 $16) 20... Bb5 21. Rb3 Bxf1 22. Rxf1 Nf4 23.
Bxf4 Bxf4 24. g3 (24. Nf3 f5 $132) 24... Bxd2 25. Qxd2 f5 $11 {Golod,
V-Sevillano,E/Santa Monica USA 2004}) 16. Na4 Ne5 (16... b5 $140 $2 17. axb6
Nxb6 $2 {[%csl Rb8][%cal Gh2b8]} 18. Nxc5 $1 $18) 17. Be2 f5 (17... Nd7 18. Bf1
$16) 18. Nxe5 Bxe5 19. Bxh5 gxh5 20. Qxh5 (20. Bxe5 Rxe5 21. Nc3 (21. exf5
Rxe1+ 22. Qxe1 Bxf5 23. Ra3 Re8 24. Re3 Rxe3 25. Qxe3 $16) 21... fxe4 22. Rxe4
Rxe4 23. Nxe4 Bf5 24. Ra4 Re8 25. Ng3 Bg6 26. Nxh5 $16) 20... fxe4 21. Bxe5
Rxe5 22. Qh4 Bf5 23. Nb6 Qg7 (23... Qe7) 24. Ra3 Rf8 25. Rae3 Bg6 26. R1e2 Kh8
27. Rd2 Ref5 28. Nc4 Rf4 29. Qg5 h6 (29... Qd7 30. Rg3 R8f7 (30... Kg7 $6 {
[%csl Rg5][%cal Gf8f5]} 31. Rb3 $16) 31. Qh6 {[%csl Rg6][%cal Gg3g6]} R4f6 32.
Qe3 Qa4 33. Qb3 $1 $16) 30. Qg3 Qf6 31. Rb3 Bh5 $6 (31... e3 $5 32. Nxe3 h5 33.
Nd1 Rf7 34. Qc3 Rd4 35. Rxd4 cxd4 36. Qd2 (36. Qc8+ $6 Rf8 37. Qxb7 Re8 $44 {
/+/=}) 36... Be4 37. Rb4 Bxg2 $5 38. Qxd4 $1 $16) 32. Qc3 $18 Rg8 33. Rxb7 Qxc3
34. bxc3 Rf3 (34... Rf6 35. Rdb2 $18) 35. Nxd6 Rf4 36. Nc4 Bf3 37. Ne3 Rh4 38.
d6 1-0